Gdynia w koncepcjach Związku Walki Zbrojnej - Armii Krajowej oraz Delegatury Rządu RP na Kraj

Titel: Gdynia w koncepcjach Związku Walki Zbrojnej - Armii Krajowej oraz Delegatury Rządu RP na Kraj
Verfasser:
Beteiligt:
In: Rocznik Gdyński, Band 6 (1985), Seite 115-123
alle Artikel anzeigen
Veröffentlicht: 1985 [1986]
Format: Aufsatz
Sprache: Polnisch
Kein Bild verfügbar
X
alg: 39193719
001A    $01999:11-11-16 
001B    $01999:29-03-21 $t21:47:10.000 
001D    $01999:11-11-16 
001U    $0utf8 
001X    $00 
002@    $0Aox 
003@    $0391937197 
007A    $0391937197 $aHEB 
007T    $0Herd22128 
010@    $apol 
011@    $a1985 $n1985 [1986] 
021A    $aGdynia w koncepcjach Związku Walki Zbrojnej - Armii Krajowej oraz Delegatury Rządu RP na Kraj 
027A    $aGdingen in der Konzeption des Bundes des Bewaffneten Kampfes - der Heimatarmee und der Landesdelegatur der Regierung der Republik Polen 
028A    $aChrzanowski $dBogdan 
028B/01 $aGąsiorowski $dAndrzej 
031A    $d6 $h115-123 $j1985 
039B    $aIn $8--Abvc--. Rocznik Gdyński. - Gdynia, 1978-. - ISSN 0137-4044 $x198500000060000885 $9090559797 
045F    $a900.9438209043 $eDDC23BSB 
045F/01 $a900 
045F/03 $f09043 
045F/03 $f09044 
045F/03 $g4382 
045F/03 $g43832 
046C    $aGdingen in der Konzeption des Bundes des Bewaffneten Kampfes - der Heimatarmee und der Landesdelegatur der Regierung der Republik Polen $bÜbers. des Hauptsacht. 

lok: 39193719 78

exp: 39193719 78 1 #EPN
201B/01 $026-06-18 $t22:53:13.000 
201U/01 $0utf8 
203@/01 $0788033034 
208@/01 $a11-11-16 $be 
209A/01 $a/ $f000 $x00 
220C/01 $aTitelaufnehmer: kl 
244Z/01 $2Trx $#Prusy Wschodnie i Zachodnie $8--Trx--Ost- und Westpreußen $x01 $939113373X 
244Z/01 $#Gdynia $#Gdingen $#Gotenhafen $#Gdingen Gdynia $72011183-6 $8--Tg1--Gdynia $x02 $9042666600 
244Z/01 $2Trx $#maailmasõda, teine 1939-1945 $#Antrasis pasaulinis karas 1939-1945 $#World War, Second 1939-1945 $#világháború. második 1939-1945 $#wojna światowa, druga 1939-1945 $#vojna svetová II. 1939-1945 $#válka druhá světová 1939-1945 $#Zweiter Weltkrieg $8--Trx--Weltkrieg, Zweiter$g1939-1945 $x03 $939138239X 
244Z/01 $2Trx $#põrandaalune liikumine, relvastatud $#ginkluotas pogrindis $#underground movements, armed $#földalatti mozgalom, fegyveres $#podziemie zbrojne $#ilegálne hnutie, ozbrojené $#hnutí podzemní, ozbrojené $#konspiracja zbrojna $8--Trx--Untergrundbewegung, bewaffnete $x04 $9391362437 
244Z/01 $2Trx $#koduarmee 1942-1945 $#Armija krajova 1942-1945 $#Home Army 1942-1945 $#Armia Krajowa 1942-1945 $#Armia Krajowa 1942-1945 $#armáda vlastenecká 1942-1945 $#armáda vlastenecká 1942-1945 $#Związek Walki Zbrojniej 1939-1942 $8--Trx--Heimatarmee$g1942-1945 $x05 $9391359479 
244Z/01 $2Trx $8--Trx--Zeitschriftenaufsatz $x06 $9391384341 
245Z/01 $a13.03 $x01 
245Z/01 $a06.04.03 $x02 
247C/01 $82080>Marburg/Lahn, Herder-Institut, Forschungsbibliothek, Bibliographieportal $9336309341
LEADER 00000caa a22000002c 4500
001 391937197
003 DE-603
005 20210329214710.0
007 tu
008 161111s1985 xx |||| | u00||u|pol c
035 |a (DE-599)HEB391937197 
040 |a DE-603  |b ger  |c DE-603  |d DE-603 
041 |a pol 
082 0 4 |8 1\u  |a 900.9438209043  |q DE-101  |2 23/BSB 
085 |8 1\u  |b 900 
085 |8 1\u  |z 1  |s 09043 
085 |8 1\u  |z 1  |s 09044 
085 |8 1\u  |z 2  |s 4382 
085 |8 1\u  |z 2  |s 43832 
100 1 |a Chrzanowski, Bogdan 
245 0 0 |a Gdynia w koncepcjach Związku Walki Zbrojnej - Armii Krajowej oraz Delegatury Rządu RP na Kraj 
246 1 |i Übers. des Hauptsacht.  |a Gdingen in der Konzeption des Bundes des Bewaffneten Kampfes - der Heimatarmee und der Landesdelegatur der Regierung der Republik Polen 
246 1 3 |a Gdingen in der Konzeption des Bundes des Bewaffneten Kampfes - der Heimatarmee und der Landesdelegatur der Regierung der Republik Polen 
264 0 |c 1985 [1986] 
700 1 |a Gąsiorowski, Andrzej 
773 0 8 |i In  |t Rocznik Gdyński  |d Gdynia, 1978-  |x 0137-4044  |g Band 6 (1985), Seite 115-123  |w (DE-603)090559797  |w (DE-600)2008589-8 
924 0 |9 2080  |a (DE-603)788033034  |b DE-2080  |c HES  |d d  |g /